Preparation, layout plans and programme details for the coronation of the 5th Druk Gyalpo / (Record no. 754)
[ view plain ]
| 000 -LEADER | |
|---|---|
| fixed length control field | 00496nam a2200157 4500 |
| 001 - CONTROL NUMBER | |
| control field | 1068 |
| 005 - DATE AND TIME OF LATEST TRANSACTION | |
| control field | 20181127162638.0 |
| 090 00 - LOCALLY ASSIGNED LC-TYPE CALL NUMBER (OCLC); LOCAL CALL NUMBER (RLIN) | |
| Classification number (OCLC) (R) ; Classification number, CALL (RLIN) (NR) | 394.4 T4439p 2010 |
| 100 00 - MAIN ENTRY--PERSONAL NAME | |
| Personal name | Thinley, Jigme Y. |
| 245 00 - TITLE STATEMENT | |
| Title | Preparation, layout plans and programme details for the coronation of the 5th Druk Gyalpo / |
| Remainder of title | |
| Statement of responsibility, etc. | Jigme Y. Thinley. |
| Medium | |
| 250 00 - EDITION STATEMENT | |
| Edition statement | |
| 260 00 - PUBLICATION, DISTRIBUTION, ETC. | |
| Place of publication, distribution, etc. | Thimphu : |
| Name of publisher, distributor, etc. | Secretariate for National Steering Committee, |
| Date of publication, distribution, etc. | 2010. |
| 300 00 - PHYSICAL DESCRIPTION | |
| Extent | 90 p. : .col. ill. |
| 500 00 - GENERAL NOTE | |
| General note | In English. |
| 650 00 - SUBJECT ADDED ENTRY--TOPICAL TERM | |
| Topical term or geographic name entry element | Coronations --Bhutan. |
| General subdivision | |
| Withdrawn status | Lost status | Source of classification or shelving scheme | Damaged status | Not for loan | Collection code | Home library | Current library | Shelving location | Serial Enumeration / chronology | Inventory number | Total Checkouts | Full call number | Barcode | Date last seen | Copy number | Price effective from | Koha item type |
|---|---|---|---|---|---|---|---|---|---|---|---|---|---|---|---|---|---|
| Dewey Decimal Classification | Main TEST | RTC Library | RTC Library | Main opac | 2821 | 394.4 THI | 30003641 | 27/11/2018 | 2 | 27/11/2018 | Main | ||||||
| Dewey Decimal Classification | Main TEST | RTC Library | RTC Library | Main opac | 2822 | 394.4 THI | 30003664 | 27/11/2018 | 1 | 27/11/2018 | Main |